000
00284nam a22001217a 4500
008
181127b xxu||||| |||| 00| 0 eng d
041
_a
eng
080
_a
043.3
100
_a
0
101
_a
BTH-ARK
245
_a
Banim individual dhe afarizem - Vila
_c
Shabanaj, A.K
942
_2
udc
_c
BK
999
_c
52553
_d
52553